| 000 | 00879pam a2200277 i 4500 | ||
|---|---|---|---|
| 001 | 1319022 | ||
| 003 | OSt | ||
| 005 | 20180117085949.0 | ||
| 008 | 780310s1978 mau 001 0 eng | ||
| 010 | _a 78004904 | ||
| 020 | _a0262040573 | ||
| 040 |
_aDLC _cDLC _dDLC |
||
| 043 | _an-us--- | ||
| 050 | 0 | 0 |
_aPN4867 _b.D5 |
| 082 | 0 | 0 | _a070.4/3/0973 |
| 100 | 1 | _aDiamond, Edwin. | |
| 245 | 1 | 0 |
_aGood news, bad news / _cEdwin Diamond. |
| 260 |
_aCambridge, Mass. : _bMIT Press, _cc1978. |
||
| 300 |
_axiv, 263 p. ; _c21 cm. |
||
| 500 | _aIncludes index. | ||
| 650 | 0 |
_aJournalism _zUnited States. |
|
| 906 |
_a7 _bcbc _corignew _d1 _eocip _f19 _gy-gencatlg |
||
| 942 |
_2ddc _cBK |
||
| 999 |
_c349137 _d349137 |
||